| 000 | 00442nam a2200181Ia 4500 | ||
|---|---|---|---|
| 001 | 45068 | ||
| 008 | 140428s9999 xx 000 0 und d | ||
| 020 | _a9781405331555 | ||
| 040 | _cPK-LaUMT | ||
| 082 |
_a 658.408 _bZEE-G |
||
| 100 | _aZee, Bibi Van Der | ||
| 245 |
_aGreen business _cZee, Bibi Van Der |
||
| 260 |
_aLondon,UK: _bDKPublishing Inc., _c2008 |
||
| 300 | _a72 p. | ||
| 546 | _aEN | ||
| 650 | _aBusiness ethics | ||
| 942 | _cBK | ||
| 999 |
_c43039 _d43039 |
||